00688nam a22001937a 45000050016000000100015000160200023000310350013000540370013000670820011000801000030000912450087001212600043002082700045002513000020002969420025003169990017003419520136003582010081705315.0 aENG-100593 a8178711524c175.00 aEN-84126 bDBAD/PUB a954.01 aYadav,RamLal Singh914269 aIndus to cauvery :bDiffusion and distribution of yadavas /cby RamLal Singh Yadav aGurgaonbHope India Publicationsc2009 a85, Sector 23, Gurgaon bGurgaone122017 a167pc21cm(pbk) 2ddccENh954.01mYAD c42258d42258 001040718NFICaDBADbDBADd2010-08-17eDBAD/PUBg175.00l0o954.01 YADpEN-84126r2010-08-17 00:00:00t1v175.00w2010-08-17yEN